| 000 | 01307nam a2200409 c 4500 | ||
|---|---|---|---|
| 001 | 21117 | ||
| 003 | ES-MaCES | ||
| 005 | 20150810102403.0 | ||
| 008 | 080521s2008 sp t 000 | spa d | ||
| 017 |
_aAB 424-2007 _bDL |
||
| 020 | _a9788496721326 | ||
| 035 | _aCES20080004554m | ||
| 040 |
_aES-MaCES _bspa _cES-MaCES |
||
| 100 | 1 |
_aAlfonso Mellado, Carlos Luis _95913 |
|
| 245 | 1 | 0 |
_aIgualdad entre mujeres y hombres en la función pública _cCarlos L. Alfonso Mellado |
| 250 | _a1ª ed | ||
| 260 |
_aAlbacete _bBomarzo _c2008 |
||
| 300 |
_a93 p. _c21 cm |
||
| 490 | 1 |
_aBásicos de Derecho social _v33 |
|
| 541 | _cCompra | ||
| 650 | 4 |
_aigualdad de oportunidades _927183 |
|
| 650 | 4 |
_amujeres _928657 |
|
| 650 | 4 |
_afunción pública _927225 |
|
| 650 | 4 |
_aigualdad de oportunidades en el empleo _930649 |
|
| 650 | 4 |
_adiscriminación por razones de sexo _929521 |
|
| 650 | 4 |
_aconciliación _927303 |
|
| 650 | 4 |
_afamilia _927318 |
|
| 650 | 4 |
_atrabajo _928289 |
|
| 650 | 4 |
_aEspaña _926964 |
|
| 650 | 4 |
_aderecho del trabajo _927165 |
|
| 650 | 4 |
_arégimen jurídico _929894 |
|
| 653 | 1 | 0 | _aDerecho del trabajo y Seguridad Social |
| 830 | 0 |
_aBásicos de Derecho social _v33 _933978 |
|
| 902 | _aLIB Libro | ||
| 942 |
_2CES _cBK _h6.0.1. |
||
| 999 |
_c21117 _d21117 |
||